DATELINE VARANASI (Record no. 29077)

MARC details
000 -LEADER
fixed length control field 00248nam a22001217a 4500
003 - CONTROL NUMBER IDENTIFIER
control field SGT
082 ## - DEWEY DECIMAL CLASSIFICATION NUMBER
Classification number 820
Item number D99K
100 ## - MAIN ENTRY--PERSONAL NAME
Personal name KUMAR, SUPHAL
245 ## - TITLE STATEMENT
Title DATELINE VARANASI
260 ## - PUBLICATION, DISTRIBUTION, ETC. (IMPRINT)
Name of publisher, distributor, etc KASHI PATRAKAR SANGH
Year of Publication 1999
300 ## - PAGE DESCRIPTION
No. of Pages 138
942 ## - ADDED ENTRY ELEMENTS (KOHA)
Source of classification or shelving scheme Dewey Decimal Classification
Koha item type Books
Holdings
Withdrawn status Lost status Source of classification or shelving scheme Damaged status Not for loan Home library Current library Shelving location Date acquired Cost, normal purchase price SGTU Total Checkouts Full call number Accession No. (Barcode) Date last seen Bill Date Koha item type
    Dewey Decimal Classification   Not For Loan SGT Chancellor's Library SGT Chancellor's Library Reference Book 16/01/2025 100.00 SGTU   820 D99K CH1845 16/01/2025 16/01/2025 Books